Vista normal
Vista MARC
Entrada Personal Name
Número de registros utilizados en: 1
001 - CONTROL NUMBER
- control field: 1035
003 - CONTROL NUMBER IDENTIFIER
- control field: OSt
005 - DATE AND TIME OF LATEST TRANSACTION
- control field: 20110819100711.0
008 - FIXED-LENGTH DATA ELEMENTS
- fixed length control field: 110819|||a|||||| | ||| d
040 ## - CATALOGING SOURCE
- Original cataloging agency: OSt
- Transcribing agency: OSt
100 ## - HEADING--PERSONAL NAME
- Personal name: Magowan, Brian.
670 ## - SOURCE DATA FOUND
- Source citation: Work cat.: (OSt)497: Drife, James. 1034, Ginecología y Obstetricia. Clínicas / , 2005.